Normal view MARC view

Entry Personal Name

Number of records used in: 1

001 - CONTROL NUMBER

  • control field: 15007

003 - CONTROL NUMBER IDENTIFIER

  • control field: OSt

005 - DATE AND TIME OF LATEST TRANSACTION

  • control field: 20211004112438.0

008 - FIXED-LENGTH DATA ELEMENTS

  • fixed length control field: 211004|| aca||aabn | a|a d

040 ## - CATALOGING SOURCE

  • Original cataloging agency: OSt
  • Transcribing agency: OSt

100 ## - HEADING--PERSONAL NAME

  • Personal name: Bijaoui, A.

670 ## - SOURCE DATA FOUND

  • Source citation: Work cat.: (OSt)0: Starck J.-L, Murtagh F., Bijaoui A.; (Jean-Luc), 1965- 15005, Image processing and data analysis., 1998.